Tilastot visalle Oulun kaupunginosat

Klikkaa tästä pelataksesi tätä visaa!

Yleistilastot

  • Tätä visaa on pelattu 304 kertaa
  • Keskiarvotulos 38 / 106

Vastaustilastot

VihjeKaupunginosa% Oikein
Tuira
80%
Raksila
74%
Toppila
73%
Kiiminki
71%
Oulunsalo
71%
Kaukovainio
68%
Haukipudas
67%
Kaakkuri
67%
Linnanmaa
66%
Limingantulli
64%
Rajakylä
62%
Kello
59%
Ylikiiminki
58%
Maikkula
56%
Pateniemi
56%
Ritaharju
56%
Rusko
55%
Hiironen
54%
Höyhtyä
54%
Metsokangas
54%
Jäälinkylä
53%
Karjasilta
51%
Puolivälinkangas
51%
Yli-Ii
51%
Herukka
50%
Laanila
50%
Lintula
50%
Mäntylä
50%
Kaijonharju
49%
Koskela
49%
Myllytulli
49%
Välivainio
49%
Hiukkavaara
48%
Hintta
46%
Kuivasjärvi
46%
Alppila
45%
Myllyoja
45%
Värttö
45%
Äimärautio
44%
Hietasaari
42%
Iinatti
42%
Intiö
42%
Oulunsuu
42%
Kiviniemi
41%
Nokela
41%
Haapalehto
40%
Pikisaari
40%
Kontinkangas
39%
Talvikangas
39%
Peltola
38%
IIVaara
38%
IVHollihaka
37%
Knuutila
37%
IPokkinen
37%
Taskila
37%
Toppilansaari
37%
Saarela
34%
Kivikkokangas
33%
Madekoski
33%
Alakylä
32%
Heikkilänkangas
32%
Pyykösjärvi
31%
Nuottasaari
30%
Sanginsuu
30%
Kynsilehto
29%
Takalaanila
29%
Isko
28%
Korvensuora
27%
Vihreäsaari
27%
VLeveri
26%
Martinniemi
26%
Pikkarala
26%
IIIVanhatulli
26%
Heikinharju
25%
Kirkkokangas
23%
Koskikeskus
22%
Välikylä
22%
Sanginjoki
21%
Parkkisenkangas
20%
Ruskonselkä
20%
Vanha Hiukkavaara
20%
Perävainio
18%
Lapinkangas
17%
Huttukylä
16%
Korvenkylä
16%
Vesala
16%
Saviharju
14%
Hangaskangas
13%
Jokikylä
13%
Juurusoja
13%
Kylänpuoli
13%
Salonpää
13%
Hannus
12%
Liikanen
12%
Niiles
12%
Puolukkakangas
12%
Jakkukylä
11%
Kalimenkylä
11%
Tannila
11%
Vepsä
11%
Jolos
10%
Ulkosanki
10%
Haukkasuo
9%
Nuoritta
9%
Vuotto
9%
Pahkala
8%

Tulosjakauma

Persentiili vastausten määrän mukaan

Jokaisen tuloksen saaneiden osuus

Tuloshistoriasi

Et ole pelannut tätä visaa